Music Quiz

Random Music or Song Quiz

'Wet Dream' Quiz Stats

 Plays Quiz not verified by Sporcle

Score 0/71 Timer 08:00
0 Plays Today
Lyric Pun Word % Correct
Boy, could she drink. She drank like a ...She drank a lot.
76.1%
Fact is, he was barely keeping his head below ___.water
61.9%
With a peanut butter and ___ sandwich on the side,jellyfish
58.4%
'___ Chanted Evening,'Salmon
58.4%
Well, the place was crowded. We were packed in like ___.sardines
57.5%
Tommy was rockin' the place with a very popular ___,tuna
57.5%
probably there to see the ___ player.bass
57.5%
You have to yell, he's hard of ___.herring
56.6%
[Chorus] Well, from then on we had a ___ of a time.whale
54%
A real ___, but I knew the owner;dive.
52.2%
I catch him with a left ___.hook
52.2%
He used to play for the ___.Dolphins
51.3%
So, I pulled into a ___ Station;Shell
49.6%
in the box for Jerry's ___,Squids
49.6%
I slipped him a ___,fin
48.7%
She threw me that same old ___:line
48.7%
'Not tonight, I got a ___.'haddock
48.7%
And she wasn't kidding either, cause in came the biggest, meanest looking ___haddock
48.7%
The ___ hits mehaddock
48.7%
And then I went home with her. What did I get for my trouble? A case of the ___.clams
47.8%
I said, 'Hi ___!'Gill
46.9%
[Chorus] ___ was also down on his luck. Gill
46.9%
So, I figured this was my chance for a little fun. You know, piece of ___.Pisces
46.9%
Well, I knew there was going to be trouble, and so did ___,Gill
46.9%
___. This guy's Gill
46.9%
cause he was already on the phone to the ___.cods
46%
I said, 'Forget the ___, cods
46%
They said I'd blown a ___. I said, 'Fix the damn thing and leave my private life out of it. OK, pal?'seal.
45.1%
I'd ever seen come down the ___.pike
45.1%
He ___ over.eels
45.1%
with a ___ punch.sucker
44.2%
What's your name?' I said, '___.'Marlin
44.2%
He was covered with ___.mussels
43.4%
I took her to dinner; I took her to dance; I bought her a bouquet of ___.flounders
42.5%
While they were doing that, I walked over to a place called the ___ Bar.Oyster
40.7%
What a ___!crab
40.7%
Lyric Pun Word % Correct
I said, 'C'mon baby, it'll only take a few ___.'minnows
39.8%
on ___. I was feeling good;porpoise
38.9%
for the ___.halibut
38.9%
They were all there to listen to the big band sounds of Tommy ___.Dorsal
38.1%
and the stage was surrounded by screaming ___,groupers
38.1%
I even dropped a ___ ___sand dollar
37.2%
But she said some things I just couldn't ___.fathom
37.2%
You're just being ___.'shellfish
37.2%
I bellied up to the ___;sandbar
36.3%
She was too ___, deep
36.3%
I said, 'Great! Let's get ___!'tanked
36.3%
I could see the ___ in his eyes.anchor
36.3%
What ___!sole
35.4%
I said, 'What's your sign?' She said, '___.'Aquarium
35.4%
so I was in a rented ___, and it was overheating.Stingray,
34.5%
He poured the usual: rusty ___,snail
34.5%
seemed to be under a lot of ___.pressure
33.6%
___-less.kelp
33.6%
My ___ was in the shop,Barracuda
32.7%
He came over to me; he said, 'Listen, ___!Shrimp
32.7%
going to need a ___.sturgeon
32.7%
It was April the 41st, being a quadruple leap year; I was driving in downtown ___.Atlantis
31.9%
[Chorus] I invited her up to my place for a little midnight ___.bait
31%
heavy on the ___.mako
30.1%
One of them was this cute little ___, and she was givin' me the eye.yellowtail
29.2%
Don't you come ___ around here.'trawlin'
29.2%
It was a ___, but there he was,fluke
29.2%
Well, the ___ was impressed with the way that yellowtail
29.2%
flat as a ___,mackerel
28.3%
hold the ___, shaken not stirred.grunion
27.4%
This guy was ___.steamed
27.4%
I turned to him and I said, '___!Abalone
26.5%
I ___ her boyfriendlanded
26.5%
She came over to me; she said, 'Hey, big boy, you're really a ___ fish.'game
24.8%
lying on the ___,deck
21.2%

You're not logged in!

Compare scores with friends on all Sporcle quizzes.
OR
Log In

Show Comments

Extras

Created Oct 18, 2010SourceReportNominate
Tags:Song Quiz, dream, nautical, pun, wet

Top Quizzes Today


Score Distribution

Your Account Isn't Verified!

In order to create a playlist on Sporcle, you need to verify the email address you used during registration. Go to your Sporcle Settings to finish the process.

Report this User

Report this user for behavior that violates our Community Guidelines.

Details: